000
00294nam a22001337a 4500
008
180312b xxu||||| |||| 00| 0 eng d
020
_a
9781576753866
041
_a
eng
080
_a
33
100
_a
57
101
_a
BIZ
245
_a
The small-mart revolution
_c
Shuman,M.H
942
_2
udc
_c
BK
999
_c
44711
_d
44711